000 00627nam a2200277Ia 4500
005 20260324124122.0
008 008 260324s9999 xx 000 0 eng d
020 _a9780203697252
037 _aEBOOK
040 _aCRL
040 _beng
040 _cCRL
041 _2eng
041 _aeng
084 _qCRL
100 _aKen Booth; Tim Dunne
_91172909
245 0 _aTerror in Our Time
260 _bTaylor and Francis
260 _c2011
365 _a
365 _b280
856 _uhttp://www.taylorfrancis.com/books/9780203697252
942 _cEBOOK
999 _c1767041
_d1767041